000 00715nam a2200217Ia 4500
005 20220509110954.0
008 210716s2011 xx 000 0 und d
020 _a9789350244340
040 _cAIMIT LIBRARY
041 _aeng
082 _a332.632
_21
_bKOTG
100 _aKotreshwar, G.
_934724
245 _aRisk management :
_binsurance and derivatives /
_cBy G. Kotreshwar.
250 _a1st ed.
260 _aNew Delhi :
_bHimalaya Publishing House ,
_c2011.
300 _axiv,397p. ;
_bPB
_c24 cm.
650 _aRisk Management & Derivatives
_934725
650 _aInsurance and derivatives.
_934750
650 _aOptions- hedging strategies and valuation.
_934751
942 _2ddc
_cBK
_e1st
_k332.632 KOTG
999 _c207161
_d207161